00220nam a2200097Ia 4500001000800000005001700008008004100025020001800066245002000084260001800104127830220260417163047.0260417s9999 xx 000 0 und d a9786256402607 0aKöztebek Kupi bDokuz Çocuk